000 00550nam a2200217Ia 4500
003 OSt
005 20220928150459.0
006 a|||||r|||| 00| 0
007 ta
008 220927b |||||||| |||| 00| 0 eng d
024 _a94146
037 _cTextual
040 _aSDCL
_cSDCL
_beng
041 _2eng
_aeng
082 _aO152,2N03,7, K0
100 _aMishra Lakshminarayan
_9516120
245 0 _aSindur kee holi.
260 _c1974
942 _hO152,2N03,7, K0
_cTEXL
_2CC
999 _c841394
_d841394